000 00880nam a2200265 a 4500
001 56582
003 BD-RjUL
005 20211209080419.0
008 161201s1968 enk b 000 0 eng
035 _a(BD-RjUL) 56706
040 _aDLC
_cDLC
_dBD-RjUL
_beng
041 _aeng
082 0 0 _a190
_223
_bNAF 1968
100 1 _aNæss, Arne.
_9168290
245 1 0 _aFour modern philosophers :
_bCarnap, Wittgenstein, Heidegger, Sartre /
_cArne Næss, Translated by Alastair Hannay
260 _aLondon :
_bUniversity of Chicago Press
_c1968
300 _axiii, 367 p.
_c21 cm.
500 _aIncludes Index
600 1 0 _aHeidegger, Martin,
_d1889-1976.
_9168296
600 1 0 _aWittgenstein, Ludwig,
_d1889-1951.
_9168297
600 1 0 _aSartre, Jean-Paul,
_d1905-1980.
_9168298
600 1 0 _aCarnap, Rudolf,
_d1891-1970.
_9168299
700 _aHannay, Alastair
_9168295
942 _2ddc
_cBK
999 _c56582
_d56582